Сочинения Чарльза Диккенса. Т. 3: I. Холодный дом | II. Повесть о двух городах (Запись № 6179943)

Подробности
000 -МАРКЕР
контрольное поле 01943nam2a2200325 4500
001 - ИДЕНТИФИКАТОР ЗАПИСИ
контрольное поле RU\NLR\19V\602122
005 - ИДЕНТИФИКАТОР ВЕРСИИ
контрольное поле 20260406101022.0
035 ## - ДРУГИЕ СИСТЕМНЫЕ НОМЕРА
Идентификатор записи (NLR Aleph) 005289922
100 ## - ДАННЫЕ ОБЩЕЙ ОБРАБОТКИ
Данные общей обработки 20070801d1893 u y0rusy50 ca
101 1# - ЯЗЫК РЕСУРСА
Язык текста, звукозаписи и т.д. русский
Язык оригинала английский
102 ## - СТРАНА ПУБЛИКАЦИИ ИЛИ ПРОИЗВОДСТВА
Страна публикации российская федерация
105 ## - ПОЛЕ КОДИРОВАННЫХ ДАННЫХ: ТЕКСТОВЫЕ МАТЕРИАЛЫ, МОНОГРАФИЧЕСКИЕ
Кодированные данные о монографическом текстовом документе y|||z|||000ay
200 1# - ЗАГЛАВИЕ И СВЕДЕНИЯ ОБ ОТВЕТСТВЕННОСТИ
Основное заглавие I. Холодный дом
Первые сведения об ответственности пер. под ред. М. А. Шишмаревой
Основное заглавие II. Повесть о двух городах
Первые сведения об ответственности пер. под ред. А. В. Каменского
210 ## - ПУБЛИКАЦИЯ, РАСПРОСТРАНЕНИЕ И ДР.
Дата издания, распространения и т.д. 1893
215 ## - ФИЗИЧЕСКАЯ ХАРАКТЕРИСТИКА
Специфическое обозначение материала и объем [2] с., 964 стб.
Размеры 27
317 ## - ПРИМЕЧАНИЯ О ПРОИСХОЖДЕНИИ ЭКЗЕМПЛЯРА
Текст примечания Имеется также в Гос. лит. музее «XX век» в мемориальной б-ке Е. Л. Шварца © СПбГБУК «Государственный литературный музей «XX век»
Организация и экземпляр, к которому относится поле ГЛМ «XX век»
461 #0 - УРОВЕНЬ НАБОРА
Встроенное поле 001v19\rc\1568569
-- 2001#$aСочинения Чарльза Диккенса$eполное собрание$e[перевод]$vТ. 3
-- 700#1$aДиккенс$bЧ.$f1812-1870$gЧарлз$3RU\NLR\AUTH\7713978
Системный номер (АБИС) связанной записи 5576292
Автор Диккенс, Ч. (1812-1870)
Место публикации Санкт-Петербург
Дата публикации 1892-1897
Имя издателя, распространителя и т.д. Ф. Павленков
Сведения, относящиеся к заглавию полное собрание : [перевод]
Заглавие Сочинения Чарльза Диккенса
Номер тома Т. 3
702 #1 - ИМЯ ЛИЦА - ВТОРИЧНАЯ ОТВЕТСТВЕННОСТЬ
Код отношения Редактор
-- Переводчик
Материалы, к которым относится поле rus
Графика поля Кириллица
Начальный элемент ввода Шишмарева
Часть имени, кроме начального элемента ввода М. А.
Даты 1852-1939
Расширение инициалов личного имени Мария Андреевна
Идентификатор авторитетной/нормативной записи RU\NLR\AUTH\7778570
Системный номер авторитетной/нормативной записи 61498
702 #1 - ИМЯ ЛИЦА - ВТОРИЧНАЯ ОТВЕТСТВЕННОСТЬ
Код отношения Переводчик
-- Редактор
Материалы, к которым относится поле rus
Графика поля Кириллица
Начальный элемент ввода Каменский
Часть имени, кроме начального элемента ввода А. В.
Дополнения к именам, кроме дат журналист, переводчик
Даты 1843-1913
Расширение инициалов личного имени Андрей Васильевич
Идентификатор авторитетной/нормативной записи RU\NLR\AUTH\77120990
Системный номер авторитетной/нормативной записи 103915
801 #0 - ИСТОЧНИК ЗАПИСИ
Страна российская федерация
Организация NLR
Дата составления 20070801
Правила каталогизации psbo
801 #1 - ИСТОЧНИК ЗАПИСИ
Страна российская федерация
Организация NLR
Дата составления 20070801
Источник данных rusmarc
801 #2 - ИСТОЧНИК ЗАПИСИ
Страна российская федерация
Организация NLR
Дата составления 20070801
Источник данных rusmarc
852 ## - МЕСТОНАХОЖДЕНИЕ И ШИФР ХРАНЕНИЯ
Идентификатор организации NLR
Шифр хранения (Call Number) 18.172.6.19(3)
852 ## - МЕСТОНАХОЖДЕНИЕ И ШИФР ХРАНЕНИЯ
Идентификатор организации NLR
Шифр хранения (Call Number) 132/4592(3)
899 ## - ДАННЫЕ О МЕСТОНАХОЖДЕНИИ (устаревшее)
Местонахождение ГЛМ «XX век»
-- (Шварц)
942 ## - ДОПОЛНИТЕЛЬНЫЕ ЭЛЕМЕНТЫ ЗАПИСИ (АБИС)
Тип экземпляра АБИС Книга
980 ## - КОЛЛЕКЦИЯ
Название коллекции Национальная библиография
981 46 - КОЛЛЕКЦИЯ ЭЛЕКТРОННОЙ БИБЛИОТЕКИ
Название коллекции Личная библиотека Е. Шварца
Экземпляры
Тип экземпляра Дата поступления Библиотека постоянного хранения Библиотека текущего хранения Место хранения Шифр хранения Штрих-код Статус не для выдачи
Книга 26.10.2013 РНБ (Садовая) РНБ (Садовая) Русский книжный фонд -Главное здание, Ленинский читальный зал 18.172.6.19 (3-4) 5289922-10  
Книга 26.10.2013 РНБ (Садовая) РНБ (Садовая) Русский книжный фонд -Главное здание, Ленинский читальный зал 132/4592 (3) 5289922-20